Normal view
MARC view
- Project Supervisor Dr. Ahmed Rauf Subhani
Entry Corporate Name
001 - CONTROL NUMBER
- control field: 103894
003 - CONTROL NUMBER IDENTIFIER
- control field: NUST
005 - DATE AND TIME OF LATEST TRANSACTION
- control field: 20221201121425.0
008 - FIXED-LENGTH DATA ELEMENTS
- fixed length control field: 221201|| aca||aabn | a|a d
040 ## - CATALOGING SOURCE
- Original cataloging agency: NUST
- Transcribing agency: NUST
110 ## - HEADING--CORPORATE NAME
- Corporate name or jurisdiction name as entry element: Project Supervisor Dr. Ahmed Rauf Subhani
670 ## - SOURCE DATA FOUND
- Source citation: Work cat.: (NUST): NC Hamza Khalil NC Hassan Ali NC M. Hassan Touqir 103893, PR-SOF-2207- Smart Baby Monitoring System , 2022.
